00329nam a2200133Ia 4500008004100000020001800041041000800059082001500067100001200082245002300094260004200117300000900159650002700168220803s9999 xx 000 0 und d a81-7017-292-6 aeng a712.36 SIN aSinha N aGardening In India aNew DelhibAbhinav Publicationsc1993 a280p aLandscape Architecture